Grandes dames et pécheresses; (Record no. 22981)

MARC details
000 -LEADER
fixed length control field 00742cam a22002051 4500
001 - CONTROL NUMBER
control field f 01003036
003 - CONTROL NUMBER IDENTIFIER
control field DLC
005 - DATE AND TIME OF LATEST TRANSACTION
control field 20260227111245.0
008 - FIXED-LENGTH DATA ELEMENTS--GENERAL INFORMATION
fixed length control field 821210s1883 fr 000 0cfre
010 ## - LIBRARY OF CONGRESS CONTROL NUMBER
LC control number f 01003036
035 ## - SYSTEM CONTROL NUMBER
System control number (OCoLC)9039152
040 ## - CATALOGING SOURCE
Original cataloging agency DLC
Transcribing agency ScU
Modifying agency ScU
-- DLC
050 00 - LIBRARY OF CONGRESS CALL NUMBER
Classification number DC33.4
Item number .B67
100 1# - MAIN ENTRY--PERSONAL NAME
Personal name Bonhomme, Honoré,
Dates associated with a name 1811-
245 10 - TITLE STATEMENT
Title Grandes dames et pécheresses;
Remainder of title études d'histoire et de mœurs au XVIIIe siècle, d'après des documents inédits.
260 ## - PUBLICATION, DISTRIBUTION, ETC.
Place of publication, distribution, etc. Paris,
Name of publisher, distributor, etc. Charavay frères,
Date of publication, distribution, etc. 1883.
300 ## - PHYSICAL DESCRIPTION
Extent 377 p.
Other physical details front.
505 0# - FORMATTED CONTENTS NOTE
Formatted contents note Mme. Dupin de Chenonceau.--Mme d'Arty.--Mme de La Touche.--Samuel Bernard.--Mme. Vimeux--Mme. Geoffrin et sa fille.--Appendice.
650 #0 - SUBJECT ADDED ENTRY--TOPICAL TERM
Topical term or geographic name entry element Women
Geographic subdivision France
General subdivision Biography.

No items available.

Powered by Koha